| 000 | 00918namaa22002171 4500 | ||
|---|---|---|---|
| 001 | 174199 | ||
| 003 | ES-MaACL | ||
| 005 | 20230906215448.0 | ||
| 008 | 100303s1931 sp |||| | spa d | ||
| 080 | _a582.273(460.12) | ||
| 100 | 1 |
_aMiranda, Faustino. _9142302 |
|
| 245 | 1 | 0 |
_aSobre las algas y cianofíceas del Cantábrico, especialmente de Gijón / _cpor Faustino Miranda. |
| 260 |
_aMadrid : _bJunta para la Ampliación de Estudios e Investigaciones Científicas, _c1931. |
||
| 300 |
_a106 p. : _bil. ; _c24 cm. |
||
| 490 | 1 |
_aTrabajos del Museo Nacional de Ciencias Naturales. Serie botánica ; _v25 |
|
| 650 | 4 |
_aAlgas- _zAsturias (Comunidad Autónoma) _9142303 |
|
| 710 | 2 |
_aJunta para la Ampliación de Estudios e Investigaciones Científicas. _95413 |
|
| 830 | 1 |
_aTrabajos del Museo Nacional de Ciencias Naturales. Serie botánica ; _v25 _9189324 |
|
| 852 | 4 |
_aES-MaACL _jB-13139(6) |
|
| 999 |
_c174199 _d174199 |
||